000 00447nam a2200169Ia 4500
008 210210b2000 xxu||||| |||| 00| 0 eng d
020 _a0 85229 760 2
082 _a030.954 STUD
100 _aSTUDENTS BRITANNICA INDIA.
245 _aStudents Britannica India: V4 M-S.
260 _aND
_bEncyclopaedia Britannica (India) Pvt Ltd,
_c2000
300 _ax,390
440 _a4
650 _aIndiana
690 _aEncyclopaedia
906 _a055830
999 _c103194
_d103194